{"text_format":"3","workbook":"xlsx","n_sheets":10,"sheets":["表-04 单位工程招标控制价汇总表","表-08 分部分项工程和单价措施项目清单与计价表(含分部小计)","表3-9 综合单价分析表（三）","表-11 总价措施项目清单与计价表","表3-12 措施项目计价表（二）","表-12 其他项目清单与计价汇总表","表-12-1 暂列金额表","表-12-3 专业工程暂估价及结算价表","表-13 规费、税金项目清单与计价表","5.1-1单位工程人材机汇总表"],"not_rendered":{"external_links":22,"defined_names":381},"read":"whole","date_system":"1900"}

{"sheet":"表-04 单位工程招标控制价汇总表","index":0,"n_rows":38,"n_cols":6,"rows_kept":38,"merged":[[0,0,0,5],[1,0,1,2],[1,4,1,5],[2,2,2,4],[3,2,3,4],[4,2,4,4],[5,2,5,4],[6,2,6,4],[7,2,7,4],[8,2,8,4],[9,2,9,4],[10,2,10,4],[11,2,11,4],[12,2,12,4],[13,2,13,4],[14,2,14,4],[15,2,15,4],[16,2,16,4],[17,2,17,4],[18,2,18,4],[19,2,19,4],[20,2,20,4],[21,2,21,4],[22,2,22,4],[23,2,23,4],[24,2,24,4],[25,2,25,4],[26,2,26,4],[27,2,27,4],[28,2,28,4],[29,2,29,4],[30,2,30,4],[31,2,31,4],[32,2,32,4],[33,2,33,4],[34,2,34,4],[35,2,35,4],[36,2,36,4],[37,0,37,1],[37,2,37,4]]}
["单位工程预算编制汇总表"]
["工程名称：广东以色列科研楼部分实验室工艺一体化设备购买及配套安装项目-装修",null,null,"标段：","第 1 页  共 1 页"]
["序号","汇总内容","金额:(元)",null,null,"其中：暂估价(元)"]
["1","分部分项合计",88867.26]
["1.1","A.16拆除部分",1660.52]
["1.2","A.4墙体部分",49010.41]
["1.3","A.13天棚部分",30838.08]
["1.4","A.8门窗部分",7358.25]
["2","措施合计",7707.25]
["2.1","绿色施工安全防护措施费",5675.64]
["2.2","其他措施费",2031.61]
["3","其他项目",12774.67,null,null,"－"]
["3.1","暂列金额",8886.73]
["3.2","暂估价",3100]
["3.3","计日工"]
["3.4","总承包服务费"]
["3.5","预算包干费",787.94]
["3.6","工程优质费"]
["3.7","概算幅度差"]
["3.8","索赔费用"]
["3.9","现场签证费用"]
["3.10","其他费用"]
["4","税前工程造价",109349.18]
["5","增值税销项税额",9841.43,null,null,"－"]
["6","总造价",119190.61]
["7","人工费",11637.83]
{"$rows_empty":11}
["招标控制价合计=1+2+3+4+5",null,"119,190.61",null,null,"0.00"]

{"sheet":"表-08 分部分项工程和单价措施项目清单与计价表(含分部小计)","index":1,"n_rows":75,"n_cols":11,"rows_kept":75,"merged":[[0,0,0,10],[1,0,1,3],[1,4,1,7],[1,8,1,10],[2,0,3,0],[2,1,3,1],[2,2,3,2],[2,3,3,4],[2,5,3,5],[2,6,3,6],[2,7,2,10],[3,7,3,8],[3,9,3,9],[4,3,4,4],[4,7,4,8],[5,3,5,4],[5,7,5,8],[6,3,6,4],[6,7,6,8],[7,3,7,4],[7,7,7,8],[8,3,8,4],[8,7,8,8],[9,3,9,4],[9,7,9,8],[10,3,10,4],[10,7,10,8],[11,3,11,4],[11,7,11,8],[12,3,12,4],[12,7,12,8],[13,3,13,4],[13,7,13,8],[14,0,14,8],[15,0,15,10],[16,0,16,3],[16,4,16,7],[16,8,16,10],[17,0,17,10],[18,0,18,3],[18,4,18,7],[18,8,18,10],[19,0,20,0],[19,1,20,1],[19,2,20,2],[19,3,20,4],[19,5,20,5],[19,6,20,6],[19,7,19,10],[20,7,20,8],[20,9,20,9],[21,3,21,4],[21,7,21,8],[22,3,22,4],[22,7,22,8],[23,3,23,4],[23,7,23,8],[24,3,24,4],[24,7,24,8],[25,3,25,4],[25,7,25,8],[26,3,26,4],[26,7,26,8],[27,3,27,4],[27,7,27,8],[28,3,28,4],[28,7,28,8],[29,3,29,4],[29,7,29,8],[30,3,30,4],[30,7,30,8],[31,3,31,4],[31,7,31,8],[32,3,32,4],[32,7,32,8],[33,3,33,4],[33,7,33,8],[34,3,34,4],[34,7,34,8],[35,3,35,4],[35,7,35,8],[36,0,36,8],[37,0,37,10],[38,0,38,3],[38,4,38,7],[38,8,38,10],[39,0,39,10],[40,0,40,3],[40,4,40,7],[40,8,40,10],[41,0,42,0],[41,1,42,1],[41,2,42,2],[41,3,42,4],[41,5,42,5],[41,6,42,6],[41,7,41,10],[42,7,42,8],[42,9,42,9],[43,3,43,4],[43,7,43,8],[44,3,44,4],[44,7,44,8],[45,3,45,4],[45,7,45,8],[46,3,46,4],[46,7,46,8],[47,3,47,4],[47,7,47,8],[48,3,48,4],[48,7,48,8],[49,3,49,4],[49,7,49,8],[50,3,50,4],[50,7,50,8],[51,3,51,4],[51,7,51,8],[52,3,52,4],[52,7,52,8],[53,3,53,4],[53,7,53,8],[54,3,54,4],[54,7,54,8],[55,3,55,4],[55,7,55,8],[56,3,56,4],[56,7,56,8],[57,3,57,4],[57,7,57,8],[58,3,58,4],[58,7,58,8],[59,3,59,4],[59,7,59,8],[60,3,60,4],[60,7,60,8],[61,3,61,4],[61,7,61,8],[62,3,62,4],[62,7,62,8],[63,3,63,4],[63,7,63,8],[64,3,64,4],[64,7,64,8],[65,3,65,4],[65,7,65,8],[66,3,66,4],[66,7,66,8],[67,3,67,4],[67,7,67,8],[68,3,68,4],[68,7,68,8],[69,3,69,4],[69,7,69,8],[70,3,70,4],[70,7,70,8],[71,0,71,8],[72,0,72,8],[73,0,73,10],[74,0,74,3],[74,4,74,7],[74,8,74,10]]}
["分部分项工程和单价措施项目清单与计价表"]
["工程名称：广东以色列科研楼部分实验室工艺一体化设备购买及配套安装项目-装修",{"$nulls":3},"标段：",{"$nulls":3},"第 1 页  共 3 页"]
["序号","项目编码","项目名称","项目特征描述",null,"计量单位","工程量","金额（元）"]
[{"$nulls":7},"综合单价",null,"综合合价","其中：暂估价"]
[null,"A.16","拆除部分"]
[1,"011601001001","砖砌体拆除","1.墙体拆除 砖砌墙体 实心砖墙\n2.拆除废料外运 人工装自卸汽车运 3km内 \u007f实际运距(km):10",null,"m3","1.89",198.85,null,375.83]
[2,"011608001001","铲除天花面层","1.油漆涂料裱糊铲除 墙面抹灰面\n2.拆除废料外运 人工装自卸汽车运 3km内 \u007f实际运距(km):10",null,"m2","70",10.07,null,704.9]
[3,"011610002002","原有门拆除","1.门窗拆除(整樘) 金属\n2.拆除废料外运 人工装自卸汽车运 3km内 \u007f实际运距(km):10",null,"m2","11.88",33.62,null,399.41]
[4,"011601001002","开门洞","1.开门窗洞口 180墙 \u007f合并制作子目 砌筑用水泥砂浆(配合比) 中砂 M10\n2.拆除废料外运 人工装自卸汽车运 3km内 \u007f实际运距(km):10",null,"m3","0.33",546.62,null,180.38]
[null,null,"拆除部分合计",{"$nulls":6},1660.52]
[null,"A.4","墙体部分"]
[5,"010402001001","封墙洞","1.封洞 砖墙砌体 \u007f合并制作子目 湿拌抹灰砂浆 一次抹灰厚度≥5mm M10 \u007f合并制作子目 抹灰水泥砂浆(配合比) 中砂 1:2.5",null,"m3","0.77",1070.06,null,823.95]
[6,"011201001001","墙面一般抹灰","1.各种墙面15+5mm 水泥石灰砂浆底 水泥砂浆面 内墙 \u007f合并制作子目 抹灰用混合砂浆(配合比) 中砂 1:2:8 \u007f合并制作子目 抹灰水泥砂浆(配合比) 中砂 1:2.5",null,"m2","13.2",28.31,null,373.69]
[7,"011406001001","抹灰面油漆","1.成品腻子粉(一般型)Y型 墙面 满刮一遍 \u007f实际腻子遍数(遍):2\n2.乳胶漆底油二遍面油二遍 抹灰面 墙柱面",null,"m2","13.2",49.18,null,649.18]
["本页小计",{"$nulls":8},3507.34]
["注：为计取规费等的使用，可在表中增设其中：“定额人工费”。"]
[{"$nulls":8},"表—08"]
["分部分项工程和单价措施项目清单与计价表"]
["工程名称：广东以色列科研楼部分实验室工艺一体化设备购买及配套安装项目-装修",{"$nulls":3},"标段：",{"$nulls":3},"第 2 页  共 3 页"]
["序号","项目编码","项目名称","项目特征描述",null,"计量单位","工程量","金额（元）"]
[{"$nulls":7},"综合单价",null,"综合合价","其中：暂估价"]
[8,"011210006001","硅酸钙板隔墙","1.轻钢龙骨石膏板隔墙(包龙骨) 双面 \u007f换为【硅酸钙板8】\n2.成品腻子粉(一般型)Y型 墙面 满刮一遍 \u007f实际腻子遍数(遍):2\n3.乳胶漆底油二遍面油二遍 胶合板面 墙柱面",null,"m2","23.4",338.85,null,7929.09]
[9,"011210006002","50厚彩钢玻镁岩棉复合夹芯板","1.彩钢板隔墙 安装于S/G型钢檩条上 50厚彩钢夹心板 \u007f换为【彩钢夹芯板50】",null,"m2","156.8",250.22,null,39234.5]
[null,null,"墙体部分合计",{"$nulls":6},49010.41]
[null,"A.13","天棚部分"]
[10,"011301001001","室内涂料三遍 环氧树脂涂料","1.成品腻子粉(一般型)Y型 天棚面 满刮一遍 \u007f实际腻子遍数(遍):2\n2.室内涂料三遍 环氧树脂涂料",null,"m2","70",75.04,null,5252.8]
[11,"011302001001","吊顶天棚烤漆钢板","1.装配式T型铝合金天棚龙骨(不上人型) 面层规格(mm) 600×600 平面\n2.不锈钢板面层\n3.金属面烤漆",null,"m2","56",456.88,null,25585.28]
[null,null,"天棚部分合计",{"$nulls":6},30838.08]
[null,"A.8","门窗部分"]
[12,"010802001001","净化气密钢板门，带观察窗GMJ1522","1.钢板门，带观察窗安装 \u007f换为【钢化玻璃5】\n2.钢板门\n3.执手锁",null,"樘","1",3519,null,3519]
[13,"010802001002","净化气密钢板门，带观察窗GMJ0922","1.钢板门，带观察窗安装 \u007f换为【钢化玻璃5】\n2.钢板门\n3.执手锁",null,"樘","1",2137.13,null,2137.13]
[14,"010802001003","复塑钢质门MJ1022","1.塑钢门安装 平开\n2.塑钢门\n3.执手锁",null,"樘","1",1702.12,null,1702.12]
[null,null,"门窗部分合计",{"$nulls":6},7358.25]
[null,null,"分部分项合计",{"$nulls":6},88867.26]
[null,null,"措施项目"]
[15,"粤011701009001","单排钢脚手架","1.单排钢脚手架搭拆 高度(m以内) 10",null,"m2","448.64",8.6,null,3858.3]
["本页小计",{"$nulls":8},89218.22]
["注：为计取规费等的使用，可在表中增设其中：“定额人工费”。"]
[{"$nulls":8},"表—08"]
["分部分项工程和单价措施项目清单与计价表"]
["工程名称：广东以色列科研楼部分实验室工艺一体化设备购买及配套安装项目-装修",{"$nulls":3},"标段：",{"$nulls":3},"第 3 页  共 3 页"]
["序号","项目编码","项目名称","项目特征描述",null,"计量单位","工程量","金额（元）"]
[{"$nulls":7},"综合单价",null,"综合合价","其中：暂估价"]
[16,"粤011701012001","活动脚手架","1.墙柱面活动脚手架",null,"m2","29.6",2.16,null,63.94]
[17,"粤011701012002","活动脚手架","1.天棚活动脚手架",null,"m2","56",5.18,null,290.08]
[18,"粤011703002001","单独装饰装修工程垂直运输","1.多层建筑物 垂直运输高度 20m以上40m以内",null,"项","1",2031.61,null,2031.61]
[null,null,"单价措施合计",{"$nulls":6},6243.93]
{"$rows_empty":24}
["本页小计",{"$nulls":8},2385.63]
["合   计",{"$nulls":8},95111.19]
["注：为计取规费等的使用，可在表中增设其中：“定额人工费”。"]
[{"$nulls":8},"表—08"]

{"sheet":"表3-9 综合单价分析表（三）","index":2,"n_rows":26,"n_cols":12,"rows_kept":26,"merged":[[0,0,0,11],[1,0,1,6],[1,8,1,11],[2,0,3,0],[2,1,3,1],[2,2,3,2],[2,3,3,3],[2,4,2,10],[2,11,3,11],[3,6,3,8],[4,2,4,3],[4,6,4,8],[5,6,5,8],[6,6,6,8],[7,6,7,8],[8,6,8,8],[9,2,9,3],[9,6,9,8],[10,6,10,8],[11,6,11,8],[12,6,12,8],[13,6,13,8],[14,0,14,11],[15,0,15,6],[15,8,15,11],[16,0,17,0],[16,1,17,1],[16,2,17,2],[16,3,17,3],[16,4,16,10],[16,11,17,11],[17,6,17,8],[18,6,18,8],[19,2,19,3],[19,6,19,8],[20,6,20,8],[21,6,21,8],[22,2,22,3],[22,6,22,8],[23,6,23,8],[24,6,24,8],[25,6,25,8],[26,6,26,8],[27,6,27,8],[28,6,28,8],[29,6,29,8],[30,6,30,8],[31,6,31,8],[32,6,32,8],[33,6,33,8],[34,6,34,8],[35,6,35,8],[36,6,36,8],[37,6,37,8],[38,6,38,8],[39,6,39,8],[40,6,40,8]]}
["综合单价分析表"]
["工程名称：广东以色列科研楼部分实验室工艺一体化设备购买及配套安装项目-装修",{"$nulls":7},"第 1 页  共 2 页"]
["序号","项目编码","项目名称","项目特征","金额（元）",{"$nulls":6},"综合单价"]
[{"$nulls":4},"人工费","材料费","机械使用费",null,null,"管理费","利润"]
[null,null,"拆除部分"]
[1,"011601001001","砖砌体拆除","1.墙体拆除 砖砌墙体 实心砖墙\n2.拆除废料外运 人工装自卸汽车运 3km内 \u007f实际运距(km):10",91.05,null,57.27,null,null,20.87,29.66,198.85]
[2,"011608001001","铲除天花面层","1.油漆涂料裱糊铲除 墙面抹灰面\n2.拆除废料外运 人工装自卸汽车运 3km内 \u007f实际运距(km):10",4.65,null,2.86,null,null,1.06,1.5,10.07]
[3,"011610002002","原有门拆除","1.门窗拆除(整樘) 金属\n2.拆除废料外运 人工装自卸汽车运 3km内 \u007f实际运距(km):10",19.35,null,5.73,null,null,3.53,5.02,33.62]
[4,"011601001002","开门洞","1.开门窗洞口 180墙 \u007f合并制作子目 砌筑用水泥砂浆(配合比) 中砂 M10\n2.拆除废料外运 人工装自卸汽车运 3km内 \u007f实际运距(km):10",155.09,261.91,57.27,null,null,29.88,42.47,546.62]
[null,null,"墙体部分"]
[5,"010402001001","封墙洞","1.封洞 砖墙砌体 \u007f合并制作子目 湿拌抹灰砂浆 一次抹灰厚度≥5mm M10 \u007f合并制作子目 抹灰水泥砂浆(配合比) 中砂 1:2.5",510.58,385.51,{"$nulls":3},71.84,102.12,1070.06]
[6,"011201001001","墙面一般抹灰","1.各种墙面15+5mm 水泥石灰砂浆底 水泥砂浆面 内墙 \u007f合并制作子目 抹灰用混合砂浆(配合比) 中砂 1:2:8 \u007f合并制作子目 抹灰水泥砂浆(配合比) 中砂 1:2.5",13.44,10.09,{"$nulls":3},2.08,2.69,28.31]
[7,"011406001001","抹灰面油漆","1.成品腻子粉(一般型)Y型 墙面 满刮一遍 \u007f实际腻子遍数(遍):2\n2.乳胶漆底油二遍面油二遍 抹灰面 墙柱面",20.79,21.09,{"$nulls":3},3.13,4.16,49.18]
[8,"011210006001","硅酸钙板隔墙","1.轻钢龙骨石膏板隔墙(包龙骨) 双面 \u007f换为【硅酸钙板8】\n2.成品腻子粉(一般型)Y型 墙面 满刮一遍 \u007f实际腻子遍数(遍):2\n3.乳胶漆底油二遍面油二遍 胶合板面 墙柱面",67.87,247.06,{"$nulls":3},10.35,13.57,338.85]
["综合单价分析表"]
["工程名称：广东以色列科研楼部分实验室工艺一体化设备购买及配套安装项目-装修",{"$nulls":7},"第 2 页  共 2 页"]
["序号","项目编码","项目名称","项目特征","金额（元）",{"$nulls":6},"综合单价"]
[{"$nulls":4},"人工费","材料费","机械使用费",null,null,"管理费","利润"]
[9,"011210006002","50厚彩钢玻镁岩棉复合夹芯板","1.彩钢板隔墙 安装于S/G型钢檩条上 50厚彩钢夹心板 \u007f换为【彩钢夹芯板50】",15.53,213.71,11.41,null,null,4.18,5.39,250.22]
[null,null,"天棚部分"]
[10,"011301001001","室内涂料三遍 环氧树脂涂料","1.成品腻子粉(一般型)Y型 天棚面 满刮一遍 \u007f实际腻子遍数(遍):2\n2.室内涂料三遍 环氧树脂涂料",22.11,45.18,{"$nulls":3},3.33,4.42,75.04]
[11,"011302001001","吊顶天棚烤漆钢板","1.装配式T型铝合金天棚龙骨(不上人型) 面层规格(mm) 600×600 平面\n2.不锈钢板面层\n3.金属面烤漆",27.74,419.42,{"$nulls":3},4.18,5.55,456.88]
[null,null,"门窗部分"]
[12,"010802001001","净化气密钢板门，带观察窗GMJ1522","1.钢板门，带观察窗安装 \u007f换为【钢化玻璃5】\n2.钢板门\n3.执手锁",129.5,3340.64,2.95,null,null,19.42,26.49,3519]
[13,"010802001002","净化气密钢板门，带观察窗GMJ0922","1.钢板门，带观察窗安装 \u007f换为【钢化玻璃5】\n2.钢板门\n3.执手锁",74.03,2035.05,1.77,null,null,11.11,15.16,2137.13]
[14,"010802001003","复塑钢质门MJ1022","1.塑钢门安装 平开\n2.塑钢门\n3.执手锁",114.25,1548.27,{"$nulls":3},16.75,22.85,1702.12]

{"sheet":"表-11 总价措施项目清单与计价表","index":3,"n_rows":17,"n_cols":11,"rows_kept":17,"merged":[[0,0,0,10],[1,0,1,5],[1,6,1,7],[1,8,1,10],[2,5,2,6],[2,7,2,8],[3,5,3,6],[3,7,3,8],[4,5,4,6],[4,7,4,8],[5,5,5,6],[5,7,5,8],[6,5,6,6],[6,7,6,8],[7,5,7,6],[7,7,7,8],[8,5,8,6],[8,7,8,8],[9,5,9,6],[9,7,9,8],[10,5,10,6],[10,7,10,8],[11,5,11,6],[11,7,11,8],[12,5,12,6],[12,7,12,8],[13,0,13,4],[13,5,13,6],[13,7,13,8],[14,0,14,5],[14,6,14,10],[15,0,15,10],[16,0,16,5],[16,6,16,7],[16,8,16,10]]}
["总价措施项目清单与计价表"]
["工程名称：广东以色列科研楼部分实验室工艺一体化设备购买及配套安装项目-装修",{"$nulls":5},"标段：",null,"第 1 页  共 1 页"]
["序号","项目编码","项目名称","计算基础","费率\n(%)","金额\n(元)",null,"调整\n费率(%)",null,"调整后\n金额(元)","备注"]
["1","LSSGCSF00001","绿色施工安全防护措施费","分部分项人工费+分部分项机械费","13",1463.32,{"$nulls":4},"以分部分项的人工费与施工机具费之和为计算基础，费率13%"]
["2","WMGDZJF00001","文明工地增加费","分部分项人工费+分部分项机械费","0",{"$nulls":5},"以分部分项的人工费与施工机具费之和为计算基础，市级文明工地为0.6%；省级文明工地为1.2%"]
["3","011707002001","夜间施工增加费",null,"20",{"$nulls":5},"以夜间施工项目人工费的20%计算"]
["4","GGCSF0000001","赶工措施费","分部分项人工费+分部分项机械费","0",{"$nulls":5},"赶工措施费=（1-δ）*分部分项的（人工费+施工机具费）*0.3 （0.8≤δ＜1   式中：δ=合同工期/定额工期）"]
["5","QTFY00000001","其他费用",{"$nulls":7},"按经批准的专项施工组织方案计算"]
[]
[]
[]
[]
[]
["合    计",{"$nulls":4},1463.32]
["编制人（造价人员）：",{"$nulls":5},"复核人（造价工程师）："]
["注：1.“计算基础”中安全文明施工费可为“定额基价”、“定额人工费”或“定额人工费+定额机械费”，其他项目可为“定额人工费”或“定额人工费+定额机械费”。\n    2.按施工方案计算的措施费，若无“计算基础”和“费率”的数值，也可只填“金额”数值，但应在备注栏说明施工方案出处或计算方法。"]
[{"$nulls":8},"表-11"]

{"sheet":"表3-12 措施项目计价表（二）","index":4,"n_rows":69,"n_cols":10,"rows_kept":69,"merged":[[0,0,0,9],[1,0,1,5],[1,7,1,9],[2,0,3,0],[2,1,3,1],[2,2,3,2],[2,3,3,3],[2,4,3,4],[2,5,3,7],[2,8,2,9],[4,5,4,7],[5,5,5,7],[6,5,6,7],[7,5,7,7],[8,5,8,7],[9,5,9,7],[10,5,10,7],[11,5,11,7],[12,5,12,7],[13,5,13,7],[14,5,14,7],[15,5,15,7],[16,5,16,7],[17,5,17,7],[18,5,18,7],[19,5,19,7],[20,5,20,7],[21,5,21,7],[22,5,22,7],[23,5,23,7],[24,0,24,8],[25,5,25,7],[26,5,26,7],[27,5,27,7],[28,5,28,7],[29,5,29,7],[30,0,30,8],[31,0,31,5],[31,7,31,9],[32,0,32,9],[33,0,33,5],[33,7,33,9],[34,0,35,0],[34,1,35,1],[34,2,35,2],[34,3,35,3],[34,4,35,4],[34,5,35,7],[34,8,34,9],[36,5,36,7],[37,5,37,7],[38,5,38,7],[39,0,39,8],[40,5,40,7],[41,5,41,7],[42,5,42,7],[43,5,43,7],[44,5,44,7],[45,5,45,7],[46,5,46,7],[47,5,47,7],[48,5,48,7],[49,5,49,7],[50,5,50,7],[51,5,51,7],[52,5,52,7],[53,5,53,7],[54,5,54,7],[55,5,55,7],[56,5,56,7],[57,5,57,7],[58,5,58,7],[59,5,59,7],[60,5,60,7],[61,5,61,7],[62,5,62,7],[63,5,63,7],[64,5,64,7],[65,5,65,7],[66,0,66,8],[67,0,67,8],[68,0,68,5],[68,7,68,9]]}
["措施项目清单与计价表（二）"]
["工程名称：广东以色列科研楼部分实验室工艺一体化设备购买及配套安装项目-装修",{"$nulls":6},"第 1 页  共 2 页"]
["序号","项目编码","项目名称","项目特征","计量\n单位","工程数量",null,null,"金额（元）"]
[{"$nulls":8},"综合单价","合价"]
[1,null,"绿色施工安全防护措施费"]
["1.1","1.1","综合脚手架",null,"项","1"]
["1.2","粤011701009001","单排钢脚手架","1.单排钢脚手架搭拆 高度(m以内) 10","m2","448.64",null,null,8.6,3858.3]
["1.2.1","A1-21-129","单排钢脚手架搭拆 高度(m以内) 10",null,"100m2","4.4864",null,null,859.73,3857.09]
["1.3","粤011701012001","活动脚手架","1.墙柱面活动脚手架","m2","29.6",null,null,2.16,63.94]
["1.3.1","A1-21-136","墙柱面活动脚手架",null,"100m2","0.296",null,null,216.01,63.94]
["1.4","粤011701012002","活动脚手架","1.天棚活动脚手架","m2","56",null,null,5.18,290.08]
["1.4.1","A1-21-137","天棚活动脚手架",null,"100m2","0.56",null,null,518.41,290.31]
["1.5","1.2","靠脚手架安全挡板",null,"项","1"]
["1.6","1.3","密目式安全网",null,"项","1"]
["1.7","1.4","围尼龙编织布",null,"项","1"]
["1.8","1.5","模板的支架",null,"项","1"]
["1.9","1.6","施工现场围挡和临时占地围挡",null,"项","1"]
["1.10","1.7","施工围挡照明",null,"项","1"]
["1.11","1.8","临时钢管架通道",null,"项","1"]
["1.12","1.9","独立安全防护挡板",null,"项","1"]
["1.13","1.10","吊装设备基础",null,"项","1"]
["1.14","1.11","防尘降噪绿色施工防护棚",null,"项","1"]
["1.15","1.12","施工便道",null,"项","1"]
["1.16","1.13","样板引路",null,"项","1"]
["小  计",{"$nulls":8},4212.32]
[2,null,"措施其他项目"]
["2.1","2.5","模板工程",null,"项","1"]
["2.2","2.6","垂直运输工程",null,"项","1"]
["2.3","粤011703002001","单独装饰装修工程垂直运输","1.多层建筑物 垂直运输高度 20m以上40m以内","项","1",null,null,2031.61,2031.61]
["2.3.1","A1-22-23","多层建筑物 垂直运输高度 20m以上40m以内",null,"万元","1.491",null,null,1362.58,2031.61]
["本页小计",{"$nulls":8},6243.93]
["注：本表使用于以综合单价形式计价的措施项目"]
["措施项目清单与计价表（二）"]
["工程名称：广东以色列科研楼部分实验室工艺一体化设备购买及配套安装项目-装修",{"$nulls":6},"第 2 页  共 2 页"]
["序号","项目编码","项目名称","项目特征","计量\n单位","工程数量",null,null,"金额（元）"]
[{"$nulls":8},"综合单价","合价"]
["2.4","2.7","材料及小型构件二次水平运输",null,"项","1"]
["2.5","2.8","成品保护工程",null,"项","1"]
["2.6","2.9","井点降水工程",null,"项","1"]
["小  计",{"$nulls":8},2031.61]
{"$rows_empty":26}
["本页小计"]
["合  计",{"$nulls":8},6243.93]
["注：本表使用于以综合单价形式计价的措施项目"]

{"sheet":"表-12 其他项目清单与计价汇总表","index":5,"n_rows":38,"n_cols":7,"rows_kept":38,"merged":[[0,0,0,4],[0,5,0,6],[1,0,1,6],[2,0,2,2],[2,3,2,4],[2,5,2,6],[3,2,3,3],[3,4,3,5],[4,2,4,3],[4,4,4,5],[5,2,5,3],[5,4,5,5],[6,2,6,3],[6,4,6,5],[7,2,7,3],[7,4,7,5],[8,2,8,3],[8,4,8,5],[9,2,9,3],[9,4,9,5],[10,2,10,3],[10,4,10,5],[11,2,11,3],[11,4,11,5],[12,2,12,3],[12,4,12,5],[13,2,13,3],[13,4,13,5],[14,2,14,3],[14,4,14,5],[15,2,15,3],[15,4,15,5],[16,2,16,3],[16,4,16,5],[17,2,17,3],[17,4,17,5],[18,2,18,3],[18,4,18,5],[19,2,19,3],[19,4,19,5],[20,2,20,3],[20,4,20,5],[21,2,21,3],[21,4,21,5],[22,2,22,3],[22,4,22,5],[23,2,23,3],[23,4,23,5],[24,2,24,3],[24,4,24,5],[25,2,25,3],[25,4,25,5],[26,2,26,3],[26,4,26,5],[27,2,27,3],[27,4,27,5],[28,2,28,3],[28,4,28,5],[29,2,29,3],[29,4,29,5],[30,2,30,3],[30,4,30,5],[31,2,31,3],[31,4,31,5],[32,2,32,3],[32,4,32,5],[33,2,33,3],[33,4,33,5],[34,2,34,3],[34,4,34,5],[35,2,35,3],[35,4,35,5],[36,0,36,6],[37,0,37,2],[37,3,37,4],[37,5,37,6]]}
[]
["其他项目清单与计价汇总表"]
["工程名称：广东以色列科研楼部分实验室工艺一体化设备购买及配套安装项目-装修",null,null,"标段：",null,"第 1 页  共 1 页"]
["序号","项目名称","金额（元）",null,"结算金额（元）",null,"备注"]
["1","暂列金额","8886.73",{"$nulls":3},"明细详见表-12-1"]
["2","暂估价","3100.00"]
["2.1","材料暂估价","—",{"$nulls":3},"明细详见表-12-2"]
["2.2","专业工程暂估价","3100.00",{"$nulls":3},"明细详见表-12-3"]
["3","计日工",{"$nulls":4},"明细详见表-12-4"]
["4","总承包服务费",{"$nulls":4},"明细详见表-12-5"]
["5","预算包干费","787.94"]
["6","工程优质费"]
["7","概算幅度差"]
["8","现场签证费用"]
["9","索赔费用"]
["10","其他费用"]
["11","独立费"]
{"$rows_empty":18}
[null,"合  计","12774.67",{"$nulls":3},"—"]
["注：材料（工程设备）暂估单价进入清单项目综合单价，此处不汇总。"]
[{"$nulls":5},"表—12"]

{"sheet":"表-12-1 暂列金额表","index":6,"n_rows":38,"n_cols":7,"rows_kept":38,"merged":[[0,0,0,4],[0,5,0,6],[1,0,1,6],[2,0,2,2],[2,3,2,4],[2,5,2,6],[3,2,3,3],[3,4,3,5],[4,2,4,3],[4,4,4,5],[5,2,5,3],[5,4,5,5],[6,2,6,3],[6,4,6,5],[7,2,7,3],[7,4,7,5],[8,2,8,3],[8,4,8,5],[9,2,9,3],[9,4,9,5],[10,2,10,3],[10,4,10,5],[11,2,11,3],[11,4,11,5],[12,2,12,3],[12,4,12,5],[13,2,13,3],[13,4,13,5],[14,2,14,3],[14,4,14,5],[15,2,15,3],[15,4,15,5],[16,2,16,3],[16,4,16,5],[17,2,17,3],[17,4,17,5],[18,2,18,3],[18,4,18,5],[19,2,19,3],[19,4,19,5],[20,2,20,3],[20,4,20,5],[21,2,21,3],[21,4,21,5],[22,2,22,3],[22,4,22,5],[23,2,23,3],[23,4,23,5],[24,2,24,3],[24,4,24,5],[25,2,25,3],[25,4,25,5],[26,2,26,3],[26,4,26,5],[27,2,27,3],[27,4,27,5],[28,2,28,3],[28,4,28,5],[29,2,29,3],[29,4,29,5],[30,2,30,3],[30,4,30,5],[31,2,31,3],[31,4,31,5],[32,2,32,3],[32,4,32,5],[33,2,33,3],[33,4,33,5],[34,2,34,3],[34,4,34,5],[35,0,35,3],[35,4,35,5],[36,0,36,6],[37,0,37,2],[37,3,37,4],[37,5,37,6]]}
[]
["暂列金额明细表"]
["工程名称：广东以色列科研楼部分实验室工艺一体化设备购买及配套安装项目-装修",null,null,"标段：",null,"第 1 页  共 1 页"]
["序号","名称","计量单位",null,"暂定金额（元）",null,"备注"]
["1","暂列金额",null,null,8886.73]
{"$rows_empty":30}
["合    计",{"$nulls":3},"8886.73",null,"—"]
["注：此表由招标人填写，如不能详列，也可只列暂列金额总额，投标人应将上述暂列金额计入投标总价中。"]
[{"$nulls":5},"表—12—1"]

{"sheet":"表-12-3 专业工程暂估价及结算价表","index":7,"n_rows":37,"n_cols":9,"rows_kept":37,"merged":[[0,0,0,5],[0,6,0,8],[1,0,1,8],[2,0,2,3],[2,4,2,5],[2,6,2,8],[3,3,3,4],[3,5,3,6],[4,3,4,4],[4,5,4,6],[5,3,5,4],[5,5,5,6],[6,3,6,4],[6,5,6,6],[7,3,7,4],[7,5,7,6],[8,3,8,4],[8,5,8,6],[9,3,9,4],[9,5,9,6],[10,3,10,4],[10,5,10,6],[11,3,11,4],[11,5,11,6],[12,3,12,4],[12,5,12,6],[13,3,13,4],[13,5,13,6],[14,3,14,4],[14,5,14,6],[15,3,15,4],[15,5,15,6],[16,3,16,4],[16,5,16,6],[17,3,17,4],[17,5,17,6],[18,3,18,4],[18,5,18,6],[19,3,19,4],[19,5,19,6],[20,3,20,4],[20,5,20,6],[21,3,21,4],[21,5,21,6],[22,3,22,4],[22,5,22,6],[23,3,23,4],[23,5,23,6],[24,3,24,4],[24,5,24,6],[25,3,25,4],[25,5,25,6],[26,3,26,4],[26,5,26,6],[27,3,27,4],[27,5,27,6],[28,3,28,4],[28,5,28,6],[29,3,29,4],[29,5,29,6],[30,3,30,4],[30,5,30,6],[31,3,31,4],[31,5,31,6],[32,3,32,4],[32,5,32,6],[33,3,33,4],[33,5,33,6],[34,0,34,2],[34,3,34,4],[34,5,34,6],[35,0,35,8],[36,0,36,3],[36,4,36,5],[36,6,36,8]]}
[]
["专业工程暂估价及结算价表"]
["工程名称：广东以色列科研楼部分实验室工艺一体化设备购买及配套安装项目-装修",{"$nulls":3},"标段：",null,"第 1 页  共 1 页"]
["序号","工程名称","工程内容","暂估金额\n（元）",null,"结算金额\n(元)",null,"差额\n±(元)","备注"]
["1","专业工程暂估价",null,3100]
["1.1","拆除涉及范围费用",null,1000]
["1.2","不锈钢排水沟","6m，暂按350元/m计",2100]
{"$rows_empty":27}
["合    计",null,null,"3100.00",{"$nulls":4},"—"]
["注：此表“暂估金额”由招标人填写，投标人应将“暂估金额”计入投标总价中。结算时按合同约定结算金额填写。"]
[{"$nulls":6},"表—12—3"]

{"sheet":"表-13 规费、税金项目清单与计价表","index":8,"n_rows":37,"n_cols":8,"rows_kept":37,"merged":[[0,0,0,7],[1,0,1,2],[1,3,1,5],[1,6,1,7],[2,2,2,3],[2,5,2,6],[3,2,3,3],[3,5,3,6],[4,2,4,3],[4,5,4,6],[5,2,5,3],[5,5,5,6],[6,2,6,3],[6,5,6,6],[7,2,7,3],[7,5,7,6],[8,2,8,3],[8,5,8,6],[9,2,9,3],[9,5,9,6],[10,2,10,3],[10,5,10,6],[11,2,11,3],[11,5,11,6],[12,2,12,3],[12,5,12,6],[13,2,13,3],[13,5,13,6],[14,2,14,3],[14,5,14,6],[15,2,15,3],[15,5,15,6],[16,2,16,3],[16,5,16,6],[17,2,17,3],[17,5,17,6],[18,2,18,3],[18,5,18,6],[19,2,19,3],[19,5,19,6],[20,2,20,3],[20,5,20,6],[21,2,21,3],[21,5,21,6],[22,2,22,3],[22,5,22,6],[23,2,23,3],[23,5,23,6],[24,2,24,3],[24,5,24,6],[25,2,25,3],[25,5,25,6],[26,2,26,3],[26,5,26,6],[27,2,27,3],[27,5,27,6],[28,2,28,3],[28,5,28,6],[29,2,29,3],[29,5,29,6],[30,2,30,3],[30,5,30,6],[31,2,31,3],[31,5,31,6],[32,2,32,3],[32,5,32,6],[33,2,33,3],[33,5,33,6],[34,0,34,6],[35,0,35,2],[35,3,35,7],[36,0,36,2],[36,3,36,5],[36,6,36,7]]}
["规费、税金项目清单与计价表"]
["工程名称：广东以色列科研楼部分实验室工艺一体化设备购买及配套安装项目-装修",null,null,"标段：",null,null,"第 1 页  共 1 页"]
["序号","项目名称","计算基础",null,"取费基数","计算费率\n(%)",null,"金额(元)"]
["1","增值税销项税额","分部分项合计+措施合计+其他项目",null,109349.18,"9",null,9841.43]
{"$rows_empty":30}
["合    计",{"$nulls":6},9841.43]
[" 编制人（造价人员）：",null,null,"复核人（造价工程师）："]
[{"$nulls":6},"表—13"]

{"sheet":"5.1-1单位工程人材机汇总表","index":9,"n_rows":109,"n_cols":11,"rows_kept":109,"merged":[[0,0,0,10],[1,0,1,6],[1,8,1,10],[2,6,2,8],[3,6,3,8],[4,6,4,8],[5,6,5,8],[6,6,6,8],[7,6,7,8],[8,6,8,8],[9,6,9,8],[10,6,10,8],[11,6,11,8],[12,6,12,8],[13,6,13,8],[14,6,14,8],[15,6,15,8],[16,6,16,8],[17,6,17,8],[18,6,18,8],[19,6,19,8],[20,6,20,8],[21,6,21,8],[22,6,22,8],[23,6,23,8],[24,6,24,8],[25,6,25,8],[26,6,26,8],[27,6,27,8],[28,6,28,8],[29,6,29,8],[30,6,30,8],[31,6,31,8],[32,6,32,8],[33,6,33,8],[34,6,34,8],[35,6,35,8],[36,6,36,8],[37,0,37,10],[38,0,38,6],[38,8,38,10],[39,6,39,8],[40,6,40,8],[41,6,41,8],[42,6,42,8],[43,6,43,8],[44,6,44,8],[45,6,45,8],[46,6,46,8],[47,6,47,8],[48,6,48,8],[49,6,49,8],[50,6,50,8],[51,6,51,8],[52,6,52,8],[53,6,53,8],[54,6,54,8],[55,6,55,8],[56,6,56,8],[57,6,57,8],[58,6,58,8],[59,6,59,8],[60,6,60,8],[61,6,61,8],[62,6,62,8],[63,6,63,8],[64,6,64,8],[65,6,65,8],[66,6,66,8],[67,6,67,8],[68,6,68,8],[69,6,69,8],[70,6,70,8],[71,6,71,8],[72,0,72,10],[73,0,73,6],[73,8,73,10],[74,6,74,8],[75,6,75,8],[76,6,76,8],[77,6,77,8],[78,6,78,8],[79,6,79,8],[80,6,80,8],[81,6,81,8],[82,6,82,8],[83,6,83,8],[84,6,84,8],[85,6,85,8],[86,6,86,8],[87,6,87,8],[88,6,88,8],[89,6,89,8],[90,6,90,8],[91,6,91,8],[92,6,92,8],[93,6,93,8],[94,6,94,8],[95,6,95,8],[96,6,96,8],[97,6,97,8],[98,6,98,8],[99,6,99,8],[100,6,100,8],[101,6,101,8],[102,6,102,8],[103,6,103,8],[104,6,104,8],[105,6,105,8],[106,6,106,8],[107,6,107,8],[108,6,108,8]]}
["单位工程人材机汇总表"]
["工程名称：广东以色列科研楼部分实验室工艺一体化设备购买及配套安装项目-装修",{"$nulls":7},"第 1 页  共 3 页"]
["序号","编码","名称及规格","单位","数量","单价\n（元）","合价\n（元）",null,null,"品牌","厂家"]
[1,"00010010","人工费","元",11637.8587,1,11637.86]
[2,"01010030","热轧圆盘条φ10以内","t",0.0179,3685.39,65.97]
[3,"03010040","铝拉铆钉综合","十个",109.76,0.87,95.49]
[4,"03010128","自攻螺钉M4×15","十套",0.0842,0.4,0.03]
[5,"03010320","螺母综合","十个",8.4,2.92,24.53]
[6,"03010417","自攻螺丝M5×16","十套",1.3032,0.36,0.47]
[7,"03011115","地脚","十个",1.266,13.97,17.69]
[8,"03011315","高强螺栓","kg",0.784,12.42,9.74]
[9,"03012479","六角螺栓屋面板专用","十套",65.856,1.05,69.15]
[10,"03013121","膨胀螺栓M6×80","十套",7.28,2.74,19.95]
[11,"03013421","塑料膨胀螺栓综合","十套",1.266,0.28,0.35]
[12,"03016191","专用螺母垫圈Q235 3#","块",4.2,1.02,4.28]
[13,"03019031","射钉","十个",175.1853,0.06,10.51]
[14,"03032001@1","执手锁多向","套",1.01,310.92,314.03]
[15,"03032011@1","单舌执手锁","把",1.01,222.08,224.3]
[16,"03032011@2","单舌执手锁","把",1.01,222.08,224.3]
[17,"03134011","水砂纸","张",5.2,0.8,4.16]
[18,"03135001","低碳钢焊条综合","kg",6.4742,6.22,40.27]
[19,"03213001","铁件综合","kg",39.194,5.01,196.36]
[20,"04010015","复合普通硅酸盐水泥P.C 32.5","t",0.1736,460.16,79.88]
[21,"04030015","中砂","m3",0.6567,223.3,146.64]
[22,"04050025","碎石10","m3",8.6E-3,153.85,1.32]
[23,"04090015","生石灰","t",0.032,489.32,15.66]
[24,"04090160","石膏粉","kg",19.656,1.42,27.91]
[25,"04130001","标准砖240×115×53","千块",0.4809,402.91,193.76]
[26,"05030180","松木板","m3",0.009,1526.15,13.74]
[27,"06050001","钢化玻璃5","m2",1.5,52.19,78.29]
[28,"09050260@2","不锈钢板1.5","m2",58.8,230.97,13581.04]
[29,"09190010","硅酸钙板8","m2",49.14,48.86,2400.98]
[30,"09250010","彩钢夹芯板50","m2",204.9846,133.25,27314.2]
[31,"10010001","隔墙轻钢龙骨75×40","m",42.822,4.24,181.57]
[32,"10010010","隔墙轻钢龙骨75×45","m",25.038,4.24,106.16]
[33,"10030010","铝合金小龙骨h=22","m",101.9256,2.08,212.01]
[34,"10030030","铝合金中龙骨h=35","m",106.0472,3.2,339.35]
["单位工程人材机汇总表"]
["工程名称：广东以色列科研楼部分实验室工艺一体化设备购买及配套安装项目-装修",{"$nulls":7},"第 2 页  共 3 页"]
["序号","编码","名称及规格","单位","数量","单价\n（元）","合价\n（元）",null,null,"品牌","厂家"]
[35,"10030040","铝合金中龙骨h=45(T型)","m",74.8496,7.17,536.67]
[36,"10030080","铝合金边龙骨h=35","m",36.176,2.97,107.44]
[37,"13010150","酚醛清漆","kg",23.4,8.23,192.58]
[38,"13010470","油灰","kg",9.1397,5.34,48.81]
[39,"13030450","内墙乳胶漆底漆","kg",12.6,24.87,313.36,null,null,"经典","珠海展辰新材料有限公司"]
[40,"13030460","内墙乳胶漆面漆","kg",14.28,29.32,418.69]
[41,"13030500","腻子粉成品(一般型)","kg",165.485,7.11,1176.6]
[42,"13050030@1","环氧树脂涂料","kg",33.0295,75.51,2494.06]
[43,"13050440","酚醛红丹防锈漆","kg",9.2868,17.55,162.98]
[44,"14010010","清油","kg",0.1869,13.53,2.53]
[45,"14010030","松节油","kg",1.0319,9.15,9.44]
[46,"14410235","硅酮耐候密封胶","kg",2.3956,19.67,47.12]
[47,"14410315","聚氨酯发泡密封胶750ml/支","支",4.0811,30.02,122.51]
[48,"14410600","胶粘剂","kg",18.228,1.95,35.54]
[49,"14430010","穿孔纸带","m",50.778,36.73,1865.08]
[50,"33010050","钢板檩条S型 100×200","t",1.5147,3905.24,5915.27]
[51,"34110010","水","m3",0.3776,3.42,1.29]
[52,"35030020","脚手架接驳管φ43×350","支",4.6659,4.23,19.74]
[53,"35030030","脚手架钢管底座","个",0.9421,3.81,3.59]
[54,"35030050","脚手架钢管φ51×3.5","m",13.7284,10.83,148.68]
[55,"35030160","脚手架活动扣(含螺丝)","套",1.5702,5.8,9.11]
[56,"35030170","脚手架直角扣(含螺丝)","套",10.4982,7.1,74.54]
[57,"99450760","其他材料费","元",152.3448,1,152.34]
[58,"BCCLF2","金属面烤漆","m2",56,150,8400]
[59,"MC1-49@2","钢板门","m2",5.28,888.34,4690.44]
[60,"MC1-60","塑钢门平开","m2",2.2,515.23,1133.51]
[61,"8005907","湿拌抹灰砂浆一次抹灰厚度≥5mm M10","m3",0.1672,473.66,79.2]
[62,"00010003","机上人工","工日",8.3674,230,1924.5]
[63,"99450630","折旧费","元",551.028,1,551.03]
[64,"99450640","检修费","元",185.3664,1,185.37]
[65,"99450650","维护费","元",413.8335,1,413.83]
[66,"99450660","安拆费","元",40.6366,1,40.64]
["单位工程人材机汇总表"]
["工程名称：广东以色列科研楼部分实验室工艺一体化设备购买及配套安装项目-装修",{"$nulls":7},"第 3 页  共 3 页"]
["序号","编码","名称及规格","单位","数量","单价\n（元）","合价\n（元）",null,null,"品牌","厂家"]
[67,"99450670","汽油(机械用)国Ⅲ93#","kg",19.7003,7.49,147.56]
[68,"99450680","柴油(机械用)0#","kg",58.877,6.61,389.18]
[69,"99450700","电(机械用)","kW·h",321.9631,0.55,177.08]
[70,"JXFTZ","机械费调整","元",0.0277,1,0.03]
{"$rows_empty":29}
[null,null,"合计",{"$nulls":3},89642.29]